Ananthanarayan and Paniker's Textbook of Microbiology/ (Record no. 211429)

MARC details
000 -LEADER
fixed length control field 00617nam a22002057a 4500
005 - DATE AND TIME OF LATEST TRANSACTION
control field 20250528124740.0
010 ## - LCCN (DPL NO)
LC control number ENG-144987
020 ## - INTERNATIONAL STANDARD BOOK NUMBER
International Standard Book Number 9788125028086
Terms of availability 425.00
020 ## - INTERNATIONAL STANDARD BOOK NUMBER
International Standard Book Number 8125028080
035 ## - SYSTEM CONTROL NUMBER
System control number EN-128519
037 ## - SOURCE OF ACQUISITION
Stock number DBAD
082 ## - DEWEY DECIMAL CLASSIFICATION NUMBER
Classification number 376.05
Edition number 7
245 ## - TITLE STATEMENT
Title Ananthanarayan and Paniker's Textbook of Microbiology/
Statement of responsibility, etc Edited By C K J Paniker
250 ## - EDITION STATEMENT
Edition statement 7th ed
260 ## - PUBLICATION, DISTRIBUTION, ETC. (IMPRINT)
Place of publication, distribution, etc Hyderabad
Name of publisher, distributor, etc Orient BlackSwan
Date of publication, distribution, etc 2005
270 ## - ADDRESS
Address 3-6-752 Himayatnagar,
City Hyderabad
Postal code 500029
300 ## - PHYSICAL DESCRIPTION
Extent 657p.
Dimensions 24cm(pb)
700 ## - ADDED ENTRY--PERSONAL NAME
Personal name Paniker, C K J
Relator term Editor
9 (RLIN) 81416
942 ## - ADDED ENTRY ELEMENTS (KOHA)
Source of classification or shelving scheme Dewey Decimal Classification
Item type English Books
Call number suffix ANA
Classification part 376.05
Holdings
Withdrawn status Lost status Not for loan Collection code Home library Current library Date acquired Source of acquisition Cost, normal purchase price Full call number Barcode Copy number Cost, replacement price Koha item type
      Non-fiction New Police Line New Police Line 28/05/2025 Delivery of Books Act Division 425.00 ANA 376.05 EN-128519 1 425.00 English Books

© Delhi Public Library
Hit Counter
free hit counter